000
00307nam a2200121Ia 4500
008
210430s9999 xx 000 0 und d
082
_a
301 G4531A
100
_a
Anthony
_9
12343
245
_a
Sociology
_c
Anthony
260
_a
Islamabad
_b
National Book Foundation
_c
1997
300
_a
1094p
942
_c
BK
_2
ddc
999
_c
562821
_d
562821